000 02364nam a2200349Ia 4500
999 _c54450
_d54450
001 21512
003 GE_BSU
005 20211125145756.0
008 181216s2016||||ge |||||||||||||| ||geo||
020 _a9789941091001
040 _cGE_BSU
041 _ageo
080 _a351.74(479.22) პ-55
245 _aპოლიტიკური ნეიტრალიტეტი პოლიციის სისტემაში :
_bპოლიტიკის დოკუმენტები, კანონმდებლობა და პრაქტიკა /
_cრედაქტორი ნინო კალატოზიშვილი ; მთარგმნელი ნათია გელაშვილი ; დიზაინერი გურამ მურადოვი ; გარეკანი სალომე ლაცაბიძე ; მხატვარი : მარიამ კუკავა, ქეთევან ნასრაშვილი, ანი [და სხვ.
264 _aთბილისი :
_b[?],
_c2016.
300 _a25, 107 გვ. ;
_c22 სმ.
500 _aწაღმა-უკუღმა წიგნი
520 _a .
541 _h8 ლ.
546 _aგარეკანი, თავფურცელი, ტექსტი აგრეთვე ინგლისურ ენაზე
653 _aპოლიტიკა
653 _aპოლიტიკის დოკუმენტები
653 _aკანონმდებლობა და პრაქტიკა
653 _aპოლიტიკური ნეიტრალიტეტი პოლიციის სისტემაში
700 _aმხატვარი, მარიამ
_eავტორი
_913056
700 _aკუკავა, ქეთევან
_eავტორი
_913057
700 _aნასრაშვილი, ანი
_eავტორი
_913058
700 _aკალატოზიშვილი, ნინო
_eრედაქტორი
_913059
700 _aგელაშვილი, ნათია
_eმთარგმნელი
_913060
710 _aადამიანის უფლებებისა და მონიტორინგის ცენტრი (EMC)
_913061
942 _cBK
_2udc